| 000 | 00386nam a2200157Ia 4500 | ||
|---|---|---|---|
| 008 | 240509s9999 xx 000 0 und d | ||
| 020 | _a9789555114202 | ||
| 041 | _asih | ||
| 100 | _aFLANNERY T : JAYAWEERA W (TRANSLATOR) | ||
| 245 | 0 | _aDESHAGUNAYA APE NIPAUMAKI | |
| 260 | _bColombo : Publishered by Author | ||
| 260 | _c2008 | ||
| 300 | _a263 p. | ||
| 942 | _2ddc | ||
| 942 | _cLBK | ||
| 999 |
_c22263 _d22263 |
||
| 945 |
_a1 _bMadushi Gamage _c1 _dMadushi Gamage |
||